| 000 | 00632nam a22001577a 4500 | ||
|---|---|---|---|
| 003 | OSt | ||
| 005 | 20151120151711.0 | ||
| 008 | 151120b xxu||||| |||| 00| 0 eng d | ||
| 040 | _cRUA | ||
| 082 | _aFIS អ៊ិន 1995 B159 Or.1 | ||
| 100 |
_93966 _aអ៊ិន ហ៊ុល |
||
| 245 | _aBiological and enviromental aspects of inundated forest in reap province, ឥទ្ធិពលជីវសាស្ត្រ និងបរិស្ថាននៃព្រៃលិចទឹក ក្នុងខេត្តសៀមរាប, | ||
| 260 |
_aPhnom Penh _bRUA _c1995 |
||
| 300 |
_a70p. _bill. _c29cm. |
||
| 942 |
_2ddc _cFIS |
||
| 999 |
_c3687 _d3687 |
||